Akceptačný list a prísľub zamestnania

Založenie verzus vznik pracovného pomeru. Akceptačný list v kontexte predzmluvných vzťahov. Výberové konanie a prísľub zamestnania. Zmluva o budúcej pracovnej zmluve. Prísľub zamestnania v zákone o službách zamestnanosti.

Enregistré dans:
Détails bibliographiques
Auteur principal: Mintál, Ján
Format: Chapitre de livre
Langue:slovaque
Sujets:
Tags: Ajouter un tag
Pas de tags, Soyez le premier à ajouter un tag!

MARC

LEADER 00000naa a2200000 4500
001 0278675
005 20210923082919.1
041 0 |a slo 
044 |a SK 
245 1 0 |a Akceptačný list a prísľub zamestnania  |c Ján Mintál 
520 |a Založenie verzus vznik pracovného pomeru. Akceptačný list v kontexte predzmluvných vzťahov. Výberové konanie a prísľub zamestnania. Zmluva o budúcej pracovnej zmluve. Prísľub zamestnania v zákone o službách zamestnanosti. 
610 2 0 |a zmluvy pracovné 
610 2 0 |a pomer pracovný 
610 2 0 |a zamestnanci 
610 2 0 |a zamestnávatelia 
610 2 0 |a zákonník práce 
100 1 |a Mintál, Ján